000
00325 a2200157 4500
001
184825
020
_a
0-582-42-766-5
040
_c
Magnum
100
_a
Escott, John
240
1
0
_a
The missing coins
_l
ING
245
1
0
_a
The missing coins
300
_a
362
0
_a
2000
697
_a
LITERATURA INGLESA
942
_c
BK
999
_c
184825
_d
184825